000 00676nam a2200205Ia 4500
003 LDD
008 190117s9999 xx 000 0 und d
020 _c₹95
040 _cLDD
041 _ahi
082 _a8H3.7 ना1601र-2
100 _aनागार्जुन
245 0 _aरति नाथ की चाची
_cनागार्जुन
250 _aद्वितीय संस्करण
260 _aनई दिल्ली
_bवाणी प्रकाशन
_c1966
300 _a151पृ.
901 _aVANI
904 _aReqst by : Parakh, Jawarimal (Dr.)
942 _2ddc
_cH
999 _c162290
_d162290